01470nam a22003737a 4500003000500000005001700005008004100022010001000063011001000073035001000083040000900093090002500102100004000127245006600167250001000233260008700243300001000330490003500340500001000375590004100385590004100426590004100467590004100508590004200549650002700591830003500618901000700653942000900660949005800669949006300727999001700790952014200807952014700949CHAP20220817043208.0971013s1985 r 00010 d a68153 a69125 a78600 cCHAP aFolleto 10211 (1985)00aHernández R., Fernando Francisco. aGuía para producir soya de verano en el Valle de Culiacán a2 ed. aCuliacán, Sin. :bINIA. Campo Agrícola Experimental Valle de Culiacán,c1985 a19 p. aFolleto para productoresv; 13 a27-36 aBATCH-UPDb10c20130110lUCH01h0056 aBATCH-UPDb10c20130110lUCH01h1734 aBATCH-UPDb10c20130409lUCH01h2044 aBATCH-UPDb10c20130914lUCH01h1424 aCONVERSIONb10c20130109lUCH01h133714aSoyaxSinaloa.91090890 aFolleto para productoresv; 13 aBK cFOLL aFolleto 10211 (1985)bBCcFOLLd-31474eTS1i78600si aFolleto 10211 (1985)bBCcFOLLd-92726eTS2fc.2i78600si c68153d68153 00102local4051708FOLLaBCbBCcPA_FOLLETOSd2012-12-17fFOLLl0oFolleto 10211 (1985)p-31474r2019-12-31 00:00:00w2012-12-17yFOLL 00102local4053708FOLLaBCbBCcPA_FOLLETOSd2012-12-17fFOLLl0oFolleto 10211 (1985)p-92726r2019-12-31 00:00:00tc.2w2012-12-17yFOLL